Смазки ЦИАТИМ-221. Технические условия по ГОСТ 9433-80; Справочник. Инженерный журнал; № 10

Bibliographic Details
Parent link:Справочник. Инженерный журнал: научно-технический и производственный журнал.— , 2000-.— 0203-347X
№ 10.— 2004.— С. 15
Language:Russian
Published: 2004
Series:Материалы. Зарубежные аналоги
Subjects:
Format: Book Chapter
KOHA link:https://koha.lib.tpu.ru/cgi-bin/koha/opac-detail.pl?biblionumber=394450

MARC

LEADER 00000naa2a2200000 4500
001 394450
005 20231101064513.0
035 |a (RuTPU)RU\TPU\prd\31175 
090 |a 394450 
100 |a 20041220a2004 k y0rusy50 ca 
101 0 |a rus 
102 |a RU 
200 1 |a Смазки ЦИАТИМ-221. Технические условия по ГОСТ 9433-80 
225 1 |a Материалы. Зарубежные аналоги 
461 1 |0 (RuTPU)RU\TPU\prd\1723  |x 0203-347X  |t Справочник. Инженерный журнал  |o научно-технический и производственный журнал  |d 2000- 
463 1 |0 (RuTPU)RU\TPU\prd\30241  |t № 10  |v С. 15  |d 2004 
610 1 |a смазка 
610 1 |a пластичная смазка 
610 1 |a узлы трения 
610 1 |a технические условия 
801 1 |a RU  |b 63413507  |c 20041220  |g PSBO 
801 2 |a RU  |b 63413507  |c 20140116  |g RCR 
942 |c BK